Common Linux Distros early 2020s - Statistics

General Stats
  • This quiz has been taken 276 times
    78 since last reset
  • The average score is 5 of 8
Answer Stats
Hits/day Linux distro % Correct
1,309 Ubuntu
99%
1,276 Debian
94%
2,166 Mint
88%
1,049 Fedora
80%
1,357 Pop! OS
59%
1,968 Manjaro
45%
3,188 MX Linux
28%
1,942 EndearvourOS
3%
No matching quizzes found
Score Distribution
Percent of People with Each Score
Percentile by Number Answered
Your Score History
You have not taken this quiz since the last reset